| 000 | 00602nam a2200193Ia 4500 | ||
|---|---|---|---|
| 005 | 20251020182613.0 | ||
| 008 | 200515s9999 xx 000 0 und d | ||
| 082 | _aSC/69.032(094.7)/C22 | ||
| 110 | _aCAPECO | ||
| 245 | 0 | _aReglamento de metrados para obras de edificación | |
| 250 | _a6a ed. | ||
| 260 | _aLima | ||
| 260 | _c1987 | ||
| 300 | _a100 | ||
| 520 | _aElaborado con el fin de uniformar criterios y procedimientos de metrados en obras de edificación, orientará y facilitará la programación y evaluación de proyectos | ||
| 650 | _aMETRADOS | ||
| 650 | _aPUB CAPECO | ||
| 942 | _cLIB | ||
| 999 |
_c3395 _d3395 |
||